LEADER 01183cam0-22003491i-450- 001 990006880640403321 005 20040719120844.0 035 $a000688064 035 $aFED01000688064 035 $a(Aleph)000688064FED01 035 $a000688064 100 $a20010426d1998----km-y0itay50------ba 101 0 $aita 102 $aIT 105 $ay-------101yy 200 1 $a<>processo di Norimberga a cinquant'anni dalla sua celebrazione$eatti del simposio internazionale. Lecce, 5-6-7 dicembre 1997$fa cura di Antonio Tarantino e Rita Rocco 210 $aMilano$cGiuffrè$d1998 215 $aXII, 356 p.$d24 cm 225 1 $aUniversità degli Studi di Lecce$iStudi giuridici-Sezione di filosofia del diritto e della politica$v11 610 0 $aProcesso di Norimberga <1945-1946> 676 $a341.690268 702 1$aRocco,$bRita 702 1$aTarantino,$bAntonio 801 0$aIT$bUNINA$gRICA$2UNIMARC 901 $aBK 912 $a990006880640403321 952 $aUNIV. 186 (11)$b33772$fFSPBC 952 $aXI DFPL 11$b2000$fDFD 959 $aFSPBC 959 $aDFD 996 $aProcesso di Norimberga a cinquant'anni dalla sua celebrazione$9625551 997 $aUNINA LEADER 00822nam0-22002891i-450- 001 990006357870403321 005 19980601 035 $a000635787 035 $aFED01000635787 035 $a(Aleph)000635787FED01 035 $a000635787 100 $a19980601d1996----km-y0itay50------ba 105 $a--------00-yy 200 1 $aKunstfreiheit und Jugendschutz$fSpyridon Vlachopoulos 210 $aBerlin$cDuncker und Humblot$d1996 215 $a322 p.$d23 cm 225 1 $aSchriften zum öffentlichen Recht$v698 676 $a344.097 700 1$aVlachopoulos,$bSpyridon$0239052 801 0$aIT$bUNINA$gRICA$2UNIMARC 901 $aBK 912 $a990006357870403321 952 $aCOLLEZ. 147 (698)$b34112*$fFGBC 959 $aFGBC 996 $aKunstfreiheit und Jugendschutz$9657528 997 $aUNINA DB $aGIU01 LEADER 03247 am 2200685 n 450 001 9910321056303321 005 20181025 010 $a2-37747-101-3 024 7 $a10.4000/books.ugaeditions.8654 035 $a(CKB)4100000008103941 035 $a(FrMaCLE)OB-ugaeditions-8654 035 $a(oapen)https://directory.doabooks.org/handle/20.500.12854/46275 035 $a(PPN)241290864 035 $a(EXLCZ)994100000008103941 100 $a20190430j|||||||| ||| 0 101 0 $afre 135 $auu||||||m|||| 181 $ctxt$2rdacontent 182 $cc$2rdamedia 183 $acr$2rdacarrier 200 10$aÉmile Zola au pays de l'Anarchie /$fVittorio Frigerio 210 $aGrenoble $cUGA Éditions$d2018 215 $a1 online resource (158 p.) 311 $a2-84310-085-2 330 $aLa vie et la carrière d'Émile Zola, intellectuel public par excellence, ont été suivies avec un mélange de fascination et de méfiance par les militants anarchistes de son temps. Des grands succès romanesques à l'affaire Dreyfus, et de là jusqu'à sa mort imprévue, son parcours a été commenté, critiqué, admiré, par ces révolutionnaires intransigeants qui auraient aimé pouvoir compter sur un écrivain célèbre parmi les fervents de leur cause. Cet ouvrage propose vingt-six articles parus dans la presse libertaire, précédés d'une étude historique, qui nous renvoient l'image d'un autre Zola que celui qui nous a été légué par l'histoire littéraire. Un Zola plus grand dans les défauts comme dans les qualités, un Zola tel qu'on a pu le lire, tel qu'on a pu le voir, le connaître, dans bien des cas lui parler, l'entendre. Un Zola tel qu'on a su l'imaginer et aussi un Zola qui a existé, à côté des autres qu'on connaît ou qu'on croyait connaître. Une autre Vérité qui est, elle aussi, en marche. 606 $aPolitics and literature$zFrance$xHistory$y19th century 607 $aFrance$xPolitics and government$y1870-1940 610 $aintellectuel 610 $ahistoire littéraire 610 $aaffaire Dreyfus 610 $anaturalisme 615 0$aPolitics and literature$xHistory 700 $aBarrucand$b Victor$0490871 701 $aBerneri$b Camillo$0176682 701 $aCharles-Albert$01311990 701 $aCharpentier$b John L$01311991 701 $aDecrept$b Étienne$01311992 701 $aDescaves$b Lucien$0389800 701 $aDevaldès$b Manuel$01281921 701 $ad?Axa$b Zo$01311993 701 $aFaure$b Sébastien$01311994 701 $aFrancis$0809370 701 $aGirard$b André$01311995 701 $aGirault$b Ernest$01311996 701 $aGolberg$b Mécislas$01311997 701 $aGrandidier$b Louis$01311998 701 $aGrave$b Jean$0139102 701 $aLantoine$b Albert$0252112 701 $aLefrançais$b Gustave$0562734 701 $aMadin$b A$01311999 701 $aMercier$b Ch$076097 701 $aPouget$b Émile$0775185 701 $aQuillard$b Pierre$0190715 701 $aRainaldy$b Henri$01312000 701 $aFrigerio$b Vittorio$0442383 801 0$bFR-FrMaCLE 906 $aBOOK 912 $a9910321056303321 996 $aÉmile Zola au pays de l'Anarchie$93030655 997 $aUNINA